Ciencias sociales : 7 EGB
Gespeichert in:
| 1. Verfasser: | |
|---|---|
| Weitere Verfasser: | , |
| Format: | Buch |
| Sprache: | Spanisch |
| Erschienen: |
Madrid :
SM,
D.L. 1995
|
| Katalog: | MANES: Suchergebnis im Bibliothekskatalog |
| Schulbuchspezifische Eigenschaften: |
|
| Tags: |
Tag hinzufügen
Keine Tags, Fügen Sie den ersten Tag hinzu!
|
| Hinzugefügt zu: | 09.02.2019 |
| Geändert in: | 07.05.2025 |
MARC
| LEADER | 00000cam a2200000 i 4500 | ||
|---|---|---|---|
| 005 | 20250507134448.0 | ||
| 008 | 190210s1995 espabo fp 000 0 spa d | ||
| 020 | |a 8434814013 | ||
| 040 | |a uned |b spa |c entro-manes | ||
| 100 | 1 | |a Rozas, Antón |9 37578 | |
| 245 | 1 | 0 | |a Ciencias sociales : |b 7 EGB / |c Antón Rozas, Eduardo M. Seco, Hernando Martínez |
| 260 | |a Madrid : |b SM, |c D.L. 1995 | ||
| 300 | |a 271 p. : |b il. | ||
| 546 | |a España | ||
| 561 | |5 es-BUNED |3 L.T.M. 2997 |a España. Fondo Manes UNED |k MANES | ||
| 690 | 0 | |a CS |a GEO |a HI | |
| 691 | 0 | |a PRI | |
| 700 | |a Seco, Eduardo M. |9 37577 | ||
| 700 | 1 | |a Martínez, Hernando . |9 37576 | |
| 942 | |2 ddc |c BK | ||
| 999 | |c 95014 |d 95014 | ||
| 999 | |c manes:95014 |d 95014 | ||